000 00311pam a2200133 a 4500
020 _c
041 _h
082 _a658.15
_bINA
100 _aBROKCKINGTON R.,
245 _aFINANCIAL MANAGEMENT
_hTextual Documents
260 _aNEW DELHI
_bARNOLD PUBLISHERS PVT LTD
_c1990
300 _aV+588
930 _a12503
999 _c131930
_d131930